Theft of metal from church buildings (Record no. 112795)

MARC details
000 -LEADER
fixed length control field 01089cad a22001935a 4500
001 - CONTROL NUMBER
control field L153986
008 - FIXED-LENGTH DATA ELEMENTS--GENERAL INFORMATION
fixed length control field 110928s2011 xxk f 000 0 eng d
035 ## - SYSTEM CONTROL NUMBER
System control number (Sirsi) u153986
041 0# - LANGUAGE CODE
Language code of text/sound track or separate title eng
110 2# - MAIN ENTRY--CORPORATE NAME
Corporate name or jurisdiction name as entry element English Heritage
9 (RLIN) 2714
245 00 - TITLE STATEMENT
Title Theft of metal from church buildings
Remainder of title English Heritage guidance note
Medium [electronic resource]
260 ## - PUBLICATION, DISTRIBUTION, ETC.
Place of publication, distribution, etc. English Heritage
Date of publication, distribution, etc. 2011
520 ## - SUMMARY, ETC.
Summary, etc. New guidance on theft of metal from church buildings which offers greater clarity on when alternative materials might be appropriate following theft of roofing materials. Includes advice on preventing lead theft with a combination of security measures many of which are simple and inexpensive. This September 2011 guidance note replaces the 2008 guidance.
590 ## - LOCAL NOTE (RLIN)
Local note KA NTK
651 #4 - SUBJECT ADDED ENTRY--GEOGRAPHIC NAME
Geographic name England
Chronological subdivision 886-
690 ## - LOCAL SUBJECT ADDED ENTRY--TOPICAL TERM (OCLC, RLIN)
Topical term or geographic name as entry element BUILT ENVIRONMENT-BUILDING TYPES-ANCIENT MONUMENTS AND HISTORIC BUILDINGS
856 40 - ELECTRONIC LOCATION AND ACCESS
Uniform Resource Identifier <a href="https://www.english-heritage.org.uk/publications/theft-metal-church-buildings/theft-metal-church-buildings.pdf">https://www.english-heritage.org.uk/publications/theft-metal-church-buildings/theft-metal-church-buildings.pdf</a>
Public note View the item free of charge at www.english-heritage.org.uk
942 ## - ADDED ENTRY ELEMENTS (KOHA)
Suppress in OPAC 0
Holdings
Withdrawn status Lost status Source of classification or shelving scheme Damaged status Not for loan Home library Current library Shelving location Date acquired Total Checkouts Full call number Barcode Date last seen Copy number Price effective from Koha item type
    Dewey Decimal Classification     Virtual Virtual Online 28/09/2011   ONLINE PUBLICATION 153986-2001 06/08/2019 1 06/08/2019 Book